000 00505nam a2200145 4500
999 _c11579
_d11579
008 181212b ||||| |||| 00| 0 eng d
022 _a 2094-8042
082 _aDPer 050 T48 Apr-June 2016 v. 187 n. 12-24
100 _933193
_aYellen, Janet
245 _aChristine Lagarde:
_bguardian of the global economy/
_cJanet Yellen.
260 _aHong Kong:
_bTime Asia,
_cc2016.
300 _av187 n16-17, page 66:
_billustrations;
_c27 cm.
650 0 _933194
_aSaving and investment
_xGuardian.
942 _2ddc
_cPER